Holiday Quiz

Random Holiday or Easter Quiz

Sporcle Holiday Subcategories Quiz Stats

 Plays Quiz not verified by Sporcle

Score 0/11 Timer 05:00
0 Plays Today
Answer % Correct
Christmas
100%
Easter
94.4%
Halloween
85.2%
Thanksgiving
85.2%
Valentine's Day
68.5%
St. Patrick's Day
66.7%
April Fools'
63%
Carol
61.1%
Religious Holidays
51.9%
Holiday Songs
46.3%
National Holidays
46.3%

You're not logged in!

Compare scores with friends on all Sporcle quizzes.
OR
Log In

Show Comments

Extras

Top Quizzes Today


Score Distribution

Your Account Isn't Verified!

In order to create a playlist on Sporcle, you need to verify the email address you used during registration. Go to your Sporcle Settings to finish the process.

Report this User

Report this user for behavior that violates our Community Guidelines.

Details: